logo

Bir Sreshtho Munshi Abdur Rouf Library
Jhenaidah Cadet College

Science problems for junior high school 2 / (Record no. 8326)

MARC details
000 -LEADER
fixed length control field 00650cam a2200229u 4500
001 - CONTROL NUMBER
JCCL Control Number 8326
003 - CONTROL NUMBER IDENTIFIER
JCCL marc code BD-JhCC
005 - DATE AND TIME OF LATEST TRANSACTION
control field 20180712122447.0
008 - FIXED-LENGTH DATA ELEMENTS--GENERAL INFORMATION
fixed length control field 830309m19579999ilu 000 0 eng
035 ## - SYSTEM CONTROL NUMBER
system control number (BD-JhCC)8326
040 ## - CATALOGING SOURCE
Original cataloging agency DLC
Transcribing agency CarP
Modifying agency DLC
-- BD-JhCC
041 ## - LANGUAGE CODE
Language code of Book eng
050 00 - LIBRARY OF CONGRESS CALL NUMBER
Classification number Q182
Item number .B433
082 ## - DEWEY DECIMAL CLASSIFICATION NUMBER
Author mark and Year BEA 1957
100 1# - MAIN ENTRY--PERSONAL NAME
Personal name Beauchamp, Wilbur L.
Fuller form of name (Wilbur Lee),
Dates associated with a name 1891-1962.
245 00 - TITLE STATEMENT
Title Science problems for junior high school 2 /
Statement of responsibility, etc Wilbur L. Beauchamp,
260 ## - PUBLICATION, DISTRIBUTION, ETC. (IMPRINT)
Place of publication, distribution, etc Chicago,
Name of publisher, distributor, etc Scott, Foresman
Date of publication, distribution, etc [1957-]
300 ## - PHYSICAL DESCRIPTION
Pagination 447 p.:
Dimensions 24 cm.
Other physical details ill. ;
650 #0 - SUBJECT ADDED ENTRY--TOPICAL TERM
Topical term or geographic name as entry element Science
Form subdivision Problems, exercises, etc.
942 ## - ADDED ENTRY ELEMENTS (KOHA)
Source of classification or shelving scheme Dewey Decimal Classification
Koha item type Books
Holdings
Source of classification or shelving scheme Damaged status Not for loan Home library Current library Shelving location Date of accession Full call number Barcode Date last seen Copy number Method of acquisition Koha item type
Dewey Decimal Classification     JCC Rouf Library JCC Rouf Library General Stacks 10/29/2023 500 BEA 1957 10932 02/22/2018 C - 1 Purchase Books

JCC Library | Contacts | JCC Home

Last Update on 23 September 2017
Copyright @ 2017-2020 JCC Rouf Library
Rouf Library, Jhenidah Cadet College (JCC), Bangladesh